000 00473nam a2200181 a 4500
001 7496
003 CO-ViMGA
008 141112s2004 ck r 000 u spa d
040 _aCO-ViMGA
_bspa
_cCO-ViMGA
082 0 4 _a729.7 S245
100 1 _aSchmitt - Menzel, Isabel
_96792
245 1 0 _aMosaicos de piedra, vidrio, madera, papel
260 _aParis :
_bBouret,
_c1971
300 _a56 p : il
650 1 4 _aARTESANIAS
_94191
650 1 4 _aMOSAICOS
_96793
942 _2ddc
_cBK
999 _c19443
_d19443